[Event "Bassano del Grappa op"]
[Site "Bassano del Grappa"]
[Date "2021.02.16"]
[Round "8"]
[White "Raccanello, Marianna"]
[Black "Ghiotto, Marco Luigi"]
[Result "0-1"]
[WhiteElo "2138"]
[BlackElo "2091"]
[PlyCount "70"]
[EventDate "2021.02.12"]
[EventType "swiss"]
[EventRounds "9"]
[EventCountry "ITA"]
[SourceTitle "EXT 2023"]
[Source "ChessBase"]
[SourceDate "2022.10.05"]
[SourceVersion "1"]
[SourceVersionDate "2022.10.05"]
[SourceQuality "1"]

1. e4 e6 2. d4 d5 3. Nc3 Nf6 4. Bg5 Be7 5. e5 Nfd7 6. h4 a6 7. Qg4 Bxg5 8. hxg5 c5 9. g6 f5 10. exf6 Nxf6 11. Qh4 cxd4 12. Qxd4 Nc6 13. Qc5 h6 14. 0-0-0 Qe7 15. Qxe7+ Nxe7 16. Bd3 Ng4 17. Nh3 0-0 18. f4 Bd7 19. Rde1 Rf6 20. Ne2 Nxg6 21. Bxg6 Rxg6 22. Nd4 Nf6 23. Nxe6 Rxg2 24. f5 Rc8 25. c3 Bxe6 26. Nf4 Rg4 27. Nxe6 d4 28. Rh3 Nd5 29. Kd2 dxc3+ 30. bxc3 Rg2+ 31. Re2 Rxe2+ 32. Kxe2 Rxc3 33. Rh4 Ne7 34. f6 Nf5 35. Rf4 Re3+ 0-1

[Event "Innsbruck op 4th"]
[Site "Innsbruck"]
[Date "2020.08.23"]
[Round "3"]
[White "Ghiotto, Marco Luigi"]
[Black "Neuschmied, Siegfried"]
[Result "0-1"]
[WhiteElo "2151"]
[BlackElo "2268"]
[PlyCount "90"]
[EventDate "2020.08.22"]
[EventType "swiss"]
[EventRounds "9"]
[EventCountry "AUT"]
[SourceTitle "CBM 198 Extra"]
[Source "ChessBase"]
[SourceDate "2020.11.30"]
[SourceVersion "1"]
[SourceVersionDate "2020.11.30"]
[SourceQuality "1"]

1. e4 g6 2. d4 d6 3. c4 Bg7 4. Nf3 Nf6 5. Nc3 0-0 6. Bd3 Nc6 7. d5 Nb4 8. Be2 c6 9. 0-0 cxd5 10. cxd5 Bg4 11. Be3 Qd7 12. Bb5 Qc8 13. Rc1 Na6 14. h3 Bxf3 15. Qxf3 Qd8 16. Rc2 Nb8 17. Rfc1 a6 18. Bf1 Nbd7 19. Qd1 Qa5 20. g4 Nc5 21. Bg2 Nfd7 22. Ne2 Qb5 23. Nd4 Qa5 24. Rb1 Qd8 25. b4 Na4 26. Rbc1 b5 27. Nc6 Qe8 28. Bf1 e5 29. dxe6 Qxe6 30. Bg2 Nb2 31. Qe2 Nc4 32. Bg5 Rae8 33. Re1 Ndb6 34. Qd3 d5 35. Nd4 Qd6 36. Rce2 Qxb4 37. exd5 Rxe2 38. Rxe2 Nb2 39. Qc2 Bxd4 40. Be7 Qc4 41. Bxf8 Qxc2 42. Rxc2 Kxf8 43. d6 N2c4 44. Bb7 a5 45. Bc6 Nxd6 0-1

[Event "Chioggia op-A 14th"]
[Site "Chioggia"]
[Date "2019.10.05"]
[Round "3"]
[White "Ghiotto, Marco Luigi"]
[Black "Vojak, Daniel"]
[Result "0-1"]
[WhiteElo "2043"]
[BlackElo "2275"]
[PlyCount "52"]
[EventDate "2019.10.04"]
[EventType "swiss"]
[EventRounds "5"]
[EventCountry "ITA"]
[SourceTitle "EXT 2022"]
[Source "ChessBase"]
[SourceDate "2021.10.06"]
[SourceVersion "1"]
[SourceVersionDate "2021.10.06"]
[SourceQuality "1"]

1. e4 d6 2. d4 Nf6 3. Nc3 e5 4. Nf3 exd4 5. Nxd4 Be7 6. Bc4 0-0 7. 0-0 Nxe4 8. Nxe4 d5 9. Bd3 dxe4 10. Bxe4 Bf6 11. Be3 Re8 12. Qf3 Bxd4 13. Rad1 c5 14. Bxb7 Bxb7 15. Qxb7 Qd7 16. Qxa8 Nc6 17. Qxe8+ Qxe8 18. Rfe1 Qf8 19. c3 Bxe3 20. Rxe3 g6 21. Rd7 Kg7 22. g3 c4 23. Rd5 Ne7 24. Rd7 Nf5 25. Re4 Qc5 26. g4 Qc6 0-1

[Event "Santa Maria di Sala op 26th"]
[Site "Santa Maria di Sala"]
[Date "2018.12.08"]
[Round "3"]
[White "Ghiotto, Marco Luigi"]
[Black "Budyi, Danylo"]
[Result "1-0"]
[WhiteElo "1835"]
[BlackElo "1485"]
[PlyCount "127"]
[EventDate "2018.12.07"]
[EventType "swiss"]
[EventRounds "5"]
[EventCountry "ITA"]
[SourceTitle "EXT 2022"]
[Source "ChessBase"]
[SourceDate "2021.10.06"]
[SourceVersion "1"]
[SourceVersionDate "2021.10.06"]
[SourceQuality "1"]

1. d4 d5 2. c4 e6 3. Nf3 Nf6 4. g3 Bd6 5. Bg2 0-0 6. 0-0 Nbd7 7. Nc3 c6 8. Nd2 h6 9. Re1 Be7 10. b3 Bb4 11. Bb2 Be7 12. Qc2 Nb6 13. Rad1 Qc7 14. e4 dxc4 15. Nxc4 Re8 16. Ne5 a6 17. Nd3 Bd7 18. Nc5 Rad8 19. a4 Nc8 20. Bc1 Bxc5 21. dxc5 e5 22. b4 Be6 23. b5 cxb5 24. Nd5 Bxd5 25. exd5 e4 26. Bf4 Qa5 27. d6 bxa4 28. Bd2 Qb5 29. Rb1 Qc6 30. Rec1 Na7 31. Ba5 Ra8 32. Rb6 Qc8 33. Qb2 Nb5 34. c6 bxc6 35. Rbxc6 Qf5 36. R1c5 Qe6 37. Bf1 a3 38. Qa1 Qb3 39. Bc3 Nxc3 40. Rxc3 Qe6 41. Qxa3 Rec8 42. Rc7 Qf5 43. R3c5 Qe6 44. Bc4 Qg4 45. Bxf7+ Kh7 46. Rxc8 Rxc8 47. Rxc8 Qxc8 48. Qa5 Qg4 49. Qa4 Qc8 50. Qc4 Qg4 51. Qb3 Qd7 52. Qe6 Qa4 53. Qf5+ Kh8 54. Kg2 Qd1 55. Qf4 Qd3 56. Bg6 Qd5 57. Kh3 Qd3 58. Qc1 Qd5 59. Qc8+ Ng8 60. Qe8 Qd1 61. Bf7 Qf1+ 62. Kh4 g5+ 63. Kh5 Qd1+ 64. g4 1-0

[Event "Santa Maria di Sala op 26th"]
[Site "Santa Maria di Sala"]
[Date "2018.12.07"]
[Round "1"]
[White "Ghiotto, Marco Luigi"]
[Black "Cappelletto, Joshuaede"]
[Result "0-1"]
[WhiteElo "1835"]
[BlackElo "2036"]
[PlyCount "64"]
[EventDate "2018.12.07"]
[EventType "swiss"]
[EventRounds "5"]
[EventCountry "ITA"]
[SourceTitle "EXT 2022"]
[Source "ChessBase"]
[SourceDate "2021.10.06"]
[SourceVersion "1"]
[SourceVersionDate "2021.10.06"]
[SourceQuality "1"]

1. d4 Nf6 2. c4 c5 3. d5 e6 4. Nc3 exd5 5. cxd5 d6 6. Nf3 g6 7. Nd2 Bg7 8. Nc4 0-0 9. Bf4 Ne8 10. Qd2 f5 11. g3 Bxc3 12. bxc3 b5 13. Nb2 a5 14. Bg2 Nd7 15. 0-0 Nb6 16. Rfe1 Bb7 17. e4 fxe4 18. Rxe4 Nc7 19. Bg5 Qc8 20. c4 bxc4 21. Nxc4 Nxc4 22. Rxc4 Qd7 23. Rh4 Rf5 24. Rb1 Bxd5 25. Bh3 Qf7 26. f4 Ne6 27. Bxf5 Qxf5 28. Qb2 Nd4 29. Bh6 Qe4 30. Kf2 Qg2+ 31. Ke3 Re8+ 32. Kd3 Qf3+ 0-1

[Event "Arvier Grand Paradis op-B"]
[Site "Arvier"]
[Date "2016.07.24"]
[Round "1"]
[White "Buffoni, Luca"]
[Black "Ghiotto, Marco Luigi"]
[Result "0-1"]
[WhiteElo "1740"]
[BlackElo "1531"]
[PlyCount "38"]
[EventDate "2016.07.24"]
[EventType "swiss"]
[EventRounds "6"]
[EventCountry "ITA"]
[SourceTitle "EXT 2017"]
[Source "ChessBase"]
[SourceDate "2016.10.25"]
[SourceVersion "1"]
[SourceVersionDate "2016.10.25"]
[SourceQuality "1"]

1. e4 e5 2. Nf3 Nc6 3. Bb5 a6 4. Bxc6 dxc6 5. 0-0 Qd6 6. d4 exd4 7. e5 Qg6 8. Qxd4 Be7 9. Na3 Bh3 10. Ne1 Rd8 11. Qe3 Bf5 12. Bd2 h5 13. f4 Nh6 14. b4 Be6 15. Nf3 Nf5 16. Qe2 0-0 17. c4 Nd4 18. Nxd4 Rxd4 19. Nc2 Qxc2 0-1